[Event "Brackel - Wattenscheid"]
[Site "?"]
[Date "2024.01.28"]
[Round "5.4"]
[White "Steinmetzer, Thomas"]
[Black "Sandkamp, Ralph"]
[Result "0-1"]
[WhiteElo "2224"]
[BlackElo "2235"]
[PlyCount "102"]
[EventDate "2024.??.??"]
[SourceVersionDate "2023.09.04"]

1. e4 c5 2. Nf3 d6 3. d4 cxd4 4. Nxd4 Nf6 5. Nc3 g6 6. Be3 Nc6 7. f3 h5 8. Qd2 Nxd4 9. Bxd4 Bh6 10. Be3 Bxe3 11. Qxe3 Be6 12. Bb5+ Kf8 13. Qd4 Qa5 14. b4 Qc7 15. Bd3 a6 16. O-O Rc8 17. Ne2 Kg7 18. a4 Bc4 19. a5 Rhd8 20. Rfd1 e5 21. Qxc4 Qxc4 22. Bxc4 Rxc4 23. c3 Kf8 24. Rd3 Ke7 25. Rad1 Ke6 26. Kf2 d5 27. exd5+ Rxd5 28. g3 Rxd3 29. Rxd3 Nd5 30. Ke1 f5 31. Kd2 g5 32. Ke1 g4 33. Kd2 h4 34. fxg4 Rxg4 35. Rf3 hxg3 36. hxg3 Rg5 37. Rf2 Rh5 38. Kc2 Rh1 39. Nc1 Ne3+ 40. Kd2 Nf1+ 41. Kc2 Nxg3 42. Rg2 f4 43. Nd3 Kf5 44. Rf2 Rh7 45. c4 Nh5 46. Nc5 e4 47. Rd2 Nf6 48. Rd8 f3 49. Rf8 Re7 50. Kd1 e3 51. Ke1 Rh7 0-1

[Event "Brackel - Wattenscheid"]
[Site "?"]
[Date "2024.01.28"]
[Round "5.5"]
[White "Thiel, Thomas"]
[Black "Tkachuk, Konstantyn"]
[Result "0-1"]
[WhiteElo "2119"]
[BlackElo "2241"]
[PlyCount "42"]
[EventDate "2024.??.??"]
[SourceVersionDate "2023.09.04"]

1. e4 c5 2. c3 g6 3. d4 cxd4 4. cxd4 d5 5. e5 Nc6 6. Nc3 f6 7. Nf3 Bg7 8. Bb5 Bg4 9. O-O fxe5 10. dxe5 e6 11. h3 Bxf3 12. Qxf3 Nh6 13. g4 Nf7 14. Re1 O-O 15. Qg3 Nd4 16. Be3 Nxe5 17. Bxd4 Nf3+ 18. Kh1 Nxd4 19. Ba4 Rf3 20. Qg2 Qh4 21. Kg1 Raf8 0-1

[Event "Brackel - Wattenscheid"]
[Site "?"]
[Date "2024.01.28"]
[Round "5.7"]
[White "Koerber, Matthias"]
[Black "Prieb, Robert"]
[Result "0-1"]
[WhiteElo "2180"]
[BlackElo "2061"]
[PlyCount "102"]
[EventDate "2024.??.??"]
[SourceVersionDate "2023.09.04"]

1. d4 Nf6 2. c4 g6 3. g3 c6 4. d5 b5 5. dxc6 bxc4 6. cxd7+ Nbxd7 7. Bg2 Rb8 8. Na3 Qc7 9. Qa4 Bb7 10. Nf3 e5 11. O-O Bd5 12. Nxe5 Qxe5 13. Bf4 Rb4 14. Qxd7+ Nxd7 15. Bxe5 Bxg2 16. Bxh8 Bxf1 17. Bc3 Bh3 18. Bxb4 Bxb4 19. Nxc4 Be6 20. Rc1 Nb6 21. Nxb6 axb6 22. Rc6 Bc5 23. b4 Bd5 24. Rf6 Ke7 25. Rf4 Bd6 26. Rd4 Bxa2 27. Rd2 Bc4 28. Rb2 b5 29. f4 f5 30. Kf2 Ke6 31. Ke3 Be7 32. Rb1 Bf6 33. Kd2 Kd5 34. Rf1 Kd4 35. Ra1 Be7 36. Rb1 Ba2 37. Rb2 Bd5 38. Rb1 Be4 39. e3+ Kd5 40. Rb3 Bf8 41. Kc3 Bg7+ 42. Kd2 Kc4 43. Ra3 Kxb4 44. Ra7 Bc3+ 45. Ke2 Kb3 46. Rxh7 b4 47. Rh6 Kc4 48. Rxg6 b3 49. Rd6 b2 50. Rd1 Bd3+ 51. Kf2 Bd2 0-1

[Event "Brackel - Wattenscheid"]
[Site "?"]
[Date "2024.01.28"]
[Round "5.8"]
[White "Skabs, Denis"]
[Black "Kaehmann, Joerg"]
[Result "1-0"]
[WhiteElo "2071"]
[BlackElo "2155"]
[PlyCount "75"]
[EventDate "2024.??.??"]
[SourceVersionDate "2023.09.04"]

1. e4 d5 2. exd5 Qxd5 3. Nc3 Qd6 4. Bc4 Nf6 5. d3 a6 6. Nge2 b5 7. Bb3 Bb7 8. f3 Nbd7 9. Be3 e6 10. O-O Nc5 11. Ne4 Nfxe4 12. dxe4 Nxb3 13. axb3 Be7 14. Qe1 O-O 15. Rd1 Qe5 16. Bd4 Qg5 17. Qc3 Rac8 18. Be3 Qf6 19. e5 Qh4 20. Rd4 Qh5 21. Rg4 b4 22. Qc4 Rfd8 23. Qf4 Rd5 24. Bd4 Qf5 25. Qg3 g6 26. c4 Rd7 27. Bf2 Rcd8 28. c5 Qc2 29. Nd4 Qxc5 30. Nxe6 Qa5 31. Nxd8 Rxd8 32. e6 fxe6 33. Rxg6+ hxg6 34. Qxg6+ Kf8 35. Be3 Bc5 36. Qh6+ Ke7 37. Qg5+ Ke8 38. Bxc5 1-0

[Event "Münster - Mülheim Nord 2"]
[Site "?"]
[Date "2024.02.18"]
[Round "6.1"]
[White "Rezasade, Amir"]
[Black "Holtel, Jasper"]
[Result "1/2-1/2"]
[WhiteElo "2359"]
[BlackElo "2330"]
[PlyCount "120"]
[EventDate "2024.??.??"]
[SourceVersionDate "2023.09.04"]

1. Nf3 Nf6 2. d4 g6 3. Bf4 Bg7 4. e3 O-O 5. h3 d6 6. Be2 c5 7. c3 Qb6 8. Qc1 cxd4 9. exd4 Nc6 10. O-O Nd5 11. Bh2 e5 12. Na3 exd4 13. Nc4 Qd8 14. cxd4 Re8 15. Qd2 Bf8 16. Rfe1 Be6 17. Rac1 Nf6 18. a3 Ne4 19. Qc2 d5 20. Nce5 Nxe5 21. Bxe5 Bh6 22. Rcd1 Rc8 23. Qb3 f6 24. Bh2 Qb6 25. Qxb6 axb6 26. Bd3 Bd7 27. Re2 Kf7 28. g4 Ng5 29. Nxg5+ Bxg5 30. Rxe8 Bxe8 31. f4 Bh6 32. Kf2 Bd7 33. Kf3 f5 34. Bg1 Bf8 35. Be3 Bd6 36. Rg1 Kf6 37. Bf2 h6 38. Be3 Be6 39. g5+ Kf7 40. h4 h5 41. Bd2 Bd7 42. Ra1 Ba4 43. Bb4 Bxb4 44. axb4 Bd7 45. Ra7 Rb8 46. Ba6 Bc8 47. Bb5 Kf8 48. Ke3 Be6 49. Kd2 Bf7 50. Be2 Ke8 51. Ra3 Kd7 52. Rc3 Kd6 53. Bb5 Be8 54. Bd3 Ra8 55. Ra3 Rxa3 56. bxa3 b5 57. Kc3 Bd7 58. a4 bxa4 59. b5 b6 60. Kb4 Be8 1/2-1/2

[Event "Münster - Mülheim Nord 2"]
[Site "?"]
[Date "2024.02.18"]
[Round "6.2"]
[White "Schmitzer, Klaus"]
[Black "Van Osch, Mees"]
[Result "0-1"]
[WhiteElo "2189"]
[BlackElo "2345"]
[PlyCount "142"]
[EventDate "2024.??.??"]
[SourceVersionDate "2023.09.04"]

1. e4 c5 2. Nf3 d6 3. d4 cxd4 4. Nxd4 Nf6 5. Nc3 Nc6 6. Bg5 e6 7. f3 a6 8. Qd2 Bd7 9. O-O-O Nxd4 10. Qxd4 h6 11. Bh4 Be7 12. Kb1 b5 13. g4 Bc6 14. Bg3 d5 15. exd5 Nxd5 16. Ne4 O-O 17. Be2 Qa5 18. Be1 b4 19. c4 bxc3 20. Nxc3 Bf6 21. Nxd5 Qxd5 22. Qxd5 Bxd5 23. Ba5 Rab8 24. Rd2 Rfc8 25. a3 Rb3 26. Bb4 Bxf3 27. Bxf3 Rxf3 28. Rhd1 Rc4 29. Rg2 Rff4 30. h3 Rf3 31. Rh2 Re4 32. Rd7 Be5 33. Rc2 Rxh3 34. Rc8+ Kh7 35. Rxf7 Rxg4 36. Ra7 Rg1+ 37. Rc1 Rhh1 38. Rxg1 Rxg1+ 39. Kc2 Rg2+ 40. Kd3 Bxb2 41. Rxa6 e5 42. a4 e4+ 43. Kc4 Rg4 44. Rb6 e3+ 45. Kd3 Bd4 46. Rb7 h5 47. a5 h4 48. Bd6 h3 49. Rb1 Ba7 50. Be5 Rg5 51. Bc7 Rd5+ 52. Ke4 Rd7 53. Bg3 Re7+ 54. Kf3 e2 55. Rh1 Kg6 56. Re1 Re3+ 57. Kg4 Bc5 58. a6 Re8 59. Kf3 Re3+ 60. Kg4 Kf7 61. Bf2 Re4+ 62. Kf3 Rf4+ 63. Kxf4 Bxf2 64. Rh1 h2 65. Kf3 e1=Q 66. Rxe1 Bxe1 67. Kg2 Bf2 68. Kxh2 Ba7 69. Kg3 Kf6 70. Kg4 Kg6 71. Kf4 Kh5 0-1

[Event "Münster - Mülheim Nord 2"]
[Site "?"]
[Date "2024.02.18"]
[Round "6.3"]
[White "De Boer, Bas"]
[Black "Chilla, Jan Eric"]
[Result "1/2-1/2"]
[WhiteElo "2229"]
[BlackElo "2234"]
[PlyCount "55"]
[EventDate "2024.??.??"]
[SourceVersionDate "2023.09.04"]

1. d4 Nf6 2. c4 e6 3. Nf3 d5 4. g3 dxc4 5. Bg2 a6 6. O-O Nc6 7. e3 Bd7 8. Qe2 b5 9. Rd1 Be7 10. b3 cxb3 11. axb3 O-O 12. e4 Nb4 13. Nc3 c6 14. Ne5 Be8 15. Ba3 Qb6 16. Nd3 a5 17. Bxb4 axb4 18. Rxa8 bxc3 19. Ne5 c5 20. d5 Bd6 21. Nd3 e5 22. Rda1 b4 23. Qe3 h6 24. h3 Qc7 25. R1a7 Qb6 26. Ra6 Qc7 27. R6a7 Qb6 28. Ra6 1/2-1/2

[Event "Münster - Mülheim Nord 2"]
[Site "?"]
[Date "2024.02.18"]
[Round "6.5"]
[White "Dordevic, Tom"]
[Black "Muschik, Benedikt"]
[Result "0-1"]
[WhiteElo "1963"]
[BlackElo "2266"]
[PlyCount "76"]
[EventDate "2024.??.??"]
[SourceVersionDate "2023.09.04"]

1. d4 g6 2. e4 Bg7 3. Nf3 d6 4. c3 Nc6 5. d5 Nb8 6. c4 a5 7. h3 Na6 8. Bd3 c6 9. Nc3 Nf6 10. O-O O-O 11. Re1 e5 12. dxc6 bxc6 13. Be3 Qc7 14. Qe2 Nd7 15. Nd2 Nac5 16. Bc2 Ne6 17. Qd1 Ba6 18. b3 Ndc5 19. Nf3 f5 20. a3 a4 21. Bxc5 Nxc5 22. b4 Nxe4 23. Bxe4 fxe4 24. Rxe4 Bb7 25. Ra2 Rfd8 26. Rd2 Bh6 27. Rd3 Ba6 28. b5 Bb7 29. Re1 cxb5 30. Nxb5 Qxc4 31. Rxd6 Rf8 32. Qe2 Qxe2 33. Rxe2 Bxf3 34. gxf3 Rxf3 35. Kg2 Rb3 36. Rd5 Bf4 37. Rc2 Rb8 38. Nc3 Rc8 0-1

[Event "Münster - Mülheim Nord 2"]
[Site "?"]
[Date "2024.02.18"]
[Round "6.7"]
[White "Schlefers, Florian"]
[Black "Rott, Georg"]
[Result "0-1"]
[WhiteElo "1736"]
[BlackElo "2122"]
[PlyCount "98"]
[EventDate "2024.??.??"]
[SourceVersionDate "2023.09.04"]

1. e4 e6 2. d4 d5 3. e5 c5 4. Nf3 Nc6 5. Bd3 Nb4 6. c3 Nxd3+ 7. Qxd3 Bd7 8. O-O Qb6 9. Re1 Ne7 10. dxc5 Qxc5 11. Be3 Qc7 12. Nbd2 Ng6 13. Nb3 Be7 14. Bd2 O-O 15. Rac1 b5 16. Nbd4 a6 17. Qb1 Rfc8 18. Bg5 Bc5 19. h4 h6 20. Bd2 Qb6 21. h5 Nf8 22. g4 b4 23. g5 bxc3 24. bxc3 hxg5 25. Qxb6 Bxb6 26. Bxg5 Ba5 27. Bd2 Rc4 28. Nb3 Bb6 29. Nbd4 Rac8 30. Rb1 Ba5 31. Rb3 Ba4 32. Ra3 Bb6 33. Rb1 Bc5 34. Rab3 Bxd4 35. Nxd4 Bxb3 36. axb3 R4c7 37. Ra1 Ra8 38. Nb5 Rb7 39. Nd4 Nd7 40. f4 Nc5 41. b4 Ne4 42. Be1 Rc8 43. f5 exf5 44. Nxf5 Rc6 45. Nd4 Rh6 46. Nf5 Rxh5 47. Nd6 Rb6 48. Nxe4 dxe4 49. Bf2 Rg6+ 0-1

[Event "Münster - Mülheim Nord 2"]
[Site "?"]
[Date "2024.02.18"]
[Round "6.8"]
[White "Wilde, Pierre"]
[Black "Roth, Jan Paul"]
[Result "1-0"]
[WhiteElo "2201"]
[BlackElo "1676"]
[PlyCount "43"]
[EventDate "2024.??.??"]
[SourceVersionDate "2023.09.04"]

1. d4 Nf6 2. c4 e6 3. g3 d5 4. Bg2 c5 5. cxd5 exd5 6. Nf3 Nc6 7. O-O Be7 8. dxc5 Bxc5 9. Bg5 Be6 10. Nc3 Be7 11. Nd4 Nxd4 12. Qxd4 Qd7 13. Rfd1 h6 14. Bf4 Rd8 15. Qxa7 O-O 16. Be5 Ng4 17. Bd4 Ra8 18. Qb6 Ra6 19. Qb3 Ra5 20. Bb6 d4 21. Qc2 Bf5 22. e4 1-0

[Event "Bochum- Katernberg"]
[Site "?"]
[Date "2024.02.18"]
[Round "6.1"]
[White "Tomic, Bosko"]
[Black "Zatonskih, Anna"]
[Result "1/2-1/2"]
[WhiteElo "2431"]
[BlackElo "2347"]
[PlyCount "36"]
[EventDate "2024.??.??"]
[SourceVersionDate "2023.09.04"]

1. c4 e6 2. g3 d5 3. Bg2 Nf6 4. Nf3 dxc4 5. Qa4+ Nbd7 6. Qxc4 a6 7. Qc2 c5 8. d4 cxd4 9. Nxd4 Nc5 10. Nb3 Nxb3 11. Qxb3 Bd6 12. O-O O-O 13. Nd2 Bc5 14. Nc4 Nd5 15. a4 Qe7 16. a5 Bd7 17. e4 Nb4 18. Be3 Bb5 1/2-1/2

[Event "Bochum - Katernberg"]
[Site "?"]
[Date "2024.02.18"]
[Round "6.2"]
[White "Friedmann, Rafael"]
[Black "Schimnatkowski, Lukas"]
[Result "1-0"]
[WhiteElo "2417"]
[BlackElo "2178"]
[PlyCount "85"]
[EventDate "2024.??.??"]
[SourceVersionDate "2023.09.04"]

1. Nf3 Nf6 2. g3 c5 3. Bg2 Nc6 4. d3 d5 5. O-O g6 6. Nbd2 Bg7 7. e4 dxe4 8. dxe4 O-O 9. Re1 Qc7 10. c3 b6 11. Qc2 e6 12. Nc4 Nd7 13. Rd1 Ba6 14. Bf1 Bxc4 15. Bxc4 Nde5 16. Nxe5 Nxe5 17. Be2 Rfd8 18. Be3 Rxd1+ 19. Rxd1 Rd8 20. Rxd8+ Qxd8 21. Qa4 Nd3 22. Qb5 c4 23. Qxc4 Nc5 24. a4 h5 25. a5 h4 26. Kg2 Bf8 27. b4 Nd7 28. axb6 axb6 29. Qc6 Ne5 30. Qb7 Bg7 31. f4 Nd3 32. Qxb6 Ne1+ 33. Kf1 Qa8 34. Kxe1 Bxc3+ 35. Kf2 Qxe4 36. Qd8+ Kg7 37. Bc5 h3 38. Qf8+ Kh7 39. Qxf7+ Bg7 40. Bf1 Kh6 41. Qd7 Qh1 42. Bxh3 Qxh2+ 43. Bg2 1-0

[Event "Bochum - Katernberg"]
[Site "?"]
[Date "2024.02.18"]
[Round "6.3"]
[White "Wessendorf, Thomas"]
[Black "Jugelt, Tobias"]
[Result "1/2-1/2"]
[WhiteElo "2267"]
[BlackElo "2367"]
[PlyCount "140"]
[EventDate "2024.??.??"]
[SourceVersionDate "2023.09.04"]

1. e4 d5 2. exd5 Qxd5 3. Nc3 Qd8 4. Bc4 c5 5. Nf3 Nc6 6. O-O e6 7. d4 cxd4 8. Nb5 a6 9. Nbxd4 Nxd4 10. Nxd4 Nf6 11. Re1 Be7 12. c3 O-O 13. Bf4 Bd7 14. Qf3 Rc8 15. Bb3 Bc6 16. Nxc6 Rxc6 17. Rad1 Qb6 18. Be5 Rcc8 19. Rd4 Rfd8 20. Bxf6 Bxf6 21. Rb4 Qc5 22. Qxb7 Rd2 23. Rf1 Rcd8 24. Ba4 a5 25. Qb6 Qd5 26. Bb3 Qa8 27. Ra4 Rxb2 28. Rxa5 Qe4 29. Ra7 Rb1 30. g3 Rxf1+ 31. Kxf1 Rd2 32. Kg1 g5 33. Qe3 Qxe3 34. fxe3 Bxc3 35. Rc7 Bb4 36. Rc4 Ba3 37. Rc2 Rd1+ 38. Kf2 Kg7 39. Kf3 Re1 40. Kf2 Rh1 41. Kg2 Rb1 42. g4 Bd6 43. Rc6 Be5 44. Rc5 Kf6 45. h4 h6 46. hxg5+ hxg5 47. Rc2 Re1 48. Kf3 Rh1 49. Ke4 Bd6 50. Rd2 Ke7 51. Bd1 Re1 52. a4 Bc5 53. Be2 Ra1 54. Bb5 Bd6 55. Rc2 Ra3 56. Rc8 Bh2 57. Rc1 Rxe3+ 58. Kxe3 Bf4+ 59. Ke4 Bxc1 60. a5 Ba3 61. a6 Bc5 62. Be2 Ba7 63. Bd3 Bb8 64. Be2 Kf6 65. Bc4 Kg6 66. Kf3 Ba7 67. Bb3 Kf6 68. Ke4 Ke7 69. Bc4 Kd6 70. Bb5 Ke7 1/2-1/2

[Event "Bochum- Katernberg"]
[Site "?"]
[Date "2024.02.18"]
[Round "6.4"]
[White "Illner, Achim"]
[Black "Gruenter, Martin"]
[Result "1/2-1/2"]
[WhiteElo "2437"]
[BlackElo "2220"]
[PlyCount "73"]
[EventDate "2024.??.??"]
[SourceVersionDate "2023.09.04"]

1. d4 Nf6 2. Nf3 e6 3. c4 Bb4+ 4. Bd2 Qe7 5. g3 Nc6 6. a3 Bxd2+ 7. Qxd2 d5 8. Bg2 O-O 9. O-O Rd8 10. Rc1 Ne4 11. Qf4 Qf6 12. b4 Qxf4 13. gxf4 dxc4 14. Rxc4 Nd6 15. Rc5 Ne4 16. Rc1 Nf6 17. e3 Nd5 18. Nc3 Nce7 19. Ne5 c6 20. Rab1 a6 21. Ne4 f6 22. Nc4 Nf5 23. Nc5 Nd6 24. a4 Kf7 25. Nxd6+ Rxd6 26. Bf1 Nc7 27. Ne4 Rd8 28. b5 axb5 29. axb5 Nxb5 30. Bxb5 cxb5 31. Rc7+ Kg6 32. Rxb5 Rd5 33. Rbc5 Rxc5 34. dxc5 e5 35. Kg2 exf4 36. exf4 Be6 37. f3 1/2-1/2

[Event "Bochum- Katernberg"]
[Site "?"]
[Date "2024.02.18"]
[Round "6.5"]
[White "Rosen, Bernd"]
[Black "Golovanj, Andrej"]
[Result "1/2-1/2"]
[WhiteElo "2287"]
[BlackElo "2281"]
[PlyCount "119"]
[EventDate "2024.??.??"]
[SourceVersionDate "2023.09.04"]

1. c4 e6 2. g3 Nf6 3. Bg2 d5 4. Nf3 dxc4 5. Qa4+ Nbd7 6. Qxc4 c5 7. O-O a6 8. Qc2 Qc7 9. d4 Bd6 10. dxc5 Nxc5 11. b4 Nce4 12. Qxc7 Bxc7 13. Bb2 Bd6 14. a3 a5 15. Nfd2 Nxd2 16. Nxd2 axb4 17. Ne4 Be7 18. axb4 Rxa1 19. Rxa1 O-O 20. Bd4 b5 21. Bc5 Re8 22. Nd6 Bxd6 23. Bxd6 Bd7 24. Ra7 Rc8 25. Bb7 Rc1+ 26. Kg2 h6 27. Be5 Bc6+ 28. Bxc6 Rxc6 29. Ra8+ Kh7 30. Bxf6 gxf6 31. Rb8 f5 32. Rxb5 Rc4 33. Kf3 Re4 34. e3 Rc4 35. h3 h5 36. h4 Kg6 37. Rb8 Rc2 38. b5 Rb2 39. b6 Kf6 40. Kg2 Ke5 41. b7 Kf6 42. Kf1 Kg7 43. Ke1 Kf6 44. Kd1 Rb1+ 45. Kc2 Rb6 46. Kc3 Rb1 47. Kc4 Rc1+ 48. Kb5 Rb1+ 49. Kc6 Rc1+ 50. Kd7 Rd1+ 51. Ke8 Rb1 52. f3 Kg7 53. Ke7 Rb6 54. e4 fxe4 55. fxe4 Rb1 56. Kd6 Rd1+ 57. Ke5 Rb1 58. Kf4 Rb4 59. Kg5 Rb5+ 60. Kf4 1/2-1/2

[Event "Bochum- Katernberg"]
[Site "?"]
[Date "2024.02.18"]
[Round "6.6"]
[White "Zozulia, Anna"]
[Black "Korchynskyi, Mykola"]
[Result "1/2-1/2"]
[WhiteElo "2220"]
[BlackElo "2263"]
[PlyCount "190"]
[EventDate "2024.??.??"]
[SourceVersionDate "2023.09.04"]

1. e4 c5 2. Nf3 d6 3. d4 cxd4 4. Nxd4 Nf6 5. Nc3 Nc6 6. Be2 g6 7. O-O Bg7 8. Nb3 O-O 9. Be3 a6 10. Qd2 b5 11. f3 Be6 12. Nd5 Bxd5 13. exd5 Ne5 14. Rfd1 Rc8 15. Bd4 Nfd7 16. a4 Nc4 17. Bxc4 bxc4 18. Bxg7 Kxg7 19. Nd4 Nf6 20. Nc6 Qb6+ 21. Qd4 Qxd4+ 22. Rxd4 Nxd5 23. Rxc4 Nb6 24. Rc3 Rc7 25. Nb4 Rxc3 26. bxc3 a5 27. Nc6 Rc8 28. Nxa5 Rxc3 29. Nb3 Rxc2 30. a5 Nc8 31. Nd4 Rc4 32. Nb5 Rb4 33. Nc7 Rb7 34. Nd5 Rb5 35. Nc7 Rc5 36. Na6 Rc4 37. Nb8 Rb4 38. Nc6 Rc4 39. Nb8 d5 40. a6 d4 41. a7 Nb6 42. Rb1 Na8 43. Rb7 Rc1+ 44. Kf2 Rc2+ 45. Kf1 d3 46. Rd7 Ra2 47. Nc6 Ra6 48. Nxe7 Nb6 49. Rxd3 Rxa7 50. Nc6 Ra1+ 51. Kf2 Ra2+ 52. Kg3 Nc4 53. h4 h6 54. Nd4 Kf6 55. Rc3 Nd6 56. Kh3 h5 57. Rd3 Ra1 58. Kh2 Ra4 59. Kh3 Rc4 60. Nb3 Nf5 61. g4 Ng7 62. Nd2 Rb4 63. Kg3 hxg4 64. fxg4 Ne6 65. Rf3+ Kg7 66. Rb3 Ra4 67. Re3 Nc5 68. Rc3 Nd7 69. Rc4 Ra3+ 70. Kg2 Ra2 71. Rd4 Nc5 72. Kh3 Ne6 73. Rd7 Ra3+ 74. Kg2 Nf4+ 75. Kf2 Nd3+ 76. Kg2 Ne5 77. Rd4 Rc3 78. Ne4 Ra3 79. Nd2 Rc3 80. Ne4 Re3 81. Ng5 f6 82. Ne6+ Kf7 83. Nf4 Ra3 84. h5 g5 85. Ne2 Nf3 86. Rd7+ Ke6 87. Rb7 Nh4+ 88. Kf2 Rf3+ 89. Ke1 Ng2+ 90. Kd2 Rh3 91. Nd4+ Ke5 92. Nf5 Rh2 93. Re7+ Kf4 94. Re2 Kxg4 95. Ne3+ Kxh5 1/2-1/2

[Event "Bochum- Katernberg"]
[Site "?"]
[Date "2024.02.18"]
[Round "6.7"]
[White "Struck, Lasse"]
[Black "Golinka, Oleksandr"]
[Result "0-1"]
[WhiteElo "1976"]
[BlackElo "2201"]
[PlyCount "70"]
[EventDate "2024.??.??"]
[SourceVersionDate "2023.09.04"]

1. d4 Nf6 2. c4 g6 3. Nc3 d5 4. cxd5 Nxd5 5. Bd2 Bg7 6. e4 Nxc3 7. Bxc3 O-O 8. Qd2 c6 9. Rd1 a5 10. Be2 Nd7 11. Nf3 Nf6 12. Qc2 Qc7 13. h3 Nh5 14. O-O Nf4 15. Rfe1 h6 16. Bf1 Be6 17. Bd2 g5 18. d5 Bd7 19. Qc1 Ng6 20. Bc3 cxd5 21. exd5 Rfc8 22. Bxg7 Qxc1 23. Rxc1 Kxg7 24. g3 Rxc1 25. Rxc1 Rc8 26. Re1 Rc5 27. Bd3 Rxd5 28. Bxg6 Kxg6 29. Rxe7 Kf6 30. Re4 Bxh3 31. b4 Bf5 32. Rc4 Bd3 33. Rc7 Be4 34. Ne1 Rd1 35. Kf1 Bd3+ 0-1

[Event "Bochum- Katernberg"]
[Site "?"]
[Date "2024.02.18"]
[Round "6.8"]
[White "Kiese, Matthias"]
[Black "Gallas, Noel"]
[Result "1/2-1/2"]
[WhiteElo "2143"]
[BlackElo "1938"]
[PlyCount "72"]
[EventDate "2024.??.??"]
[SourceVersionDate "2023.09.04"]

1. d4 Nf6 2. Nf3 g6 3. Bf4 Bg7 4. e3 d6 5. Be2 O-O 6. h3 b6 7. O-O Bb7 8. Nbd2 Ne4 9. Nxe4 Bxe4 10. Nd2 Bb7 11. Bf3 Bxf3 12. Qxf3 Nd7 13. Bg5 h6 14. Bh4 g5 15. Bg3 f5 16. Qd5+ Kh8 17. Rad1 Rc8 18. c3 Qe8 19. Qc6 e6 20. f4 Qe7 21. e4 gxf4 22. Bxf4 fxe4 23. Qxe4 e5 24. dxe5 Nxe5 25. Rde1 Rce8 26. Nc4 Qe6 27. Nxe5 dxe5 28. a3 Qd6 29. Bg3 Rxf1+ 30. Rxf1 Qe7 31. Rf5 a5 32. Kh2 Qe6 33. a4 Kg8 34. h4 c5 35. h5 Rf8 36. Rxf8+ Kxf8 1/2-1/2

[Event "Erkenschwick - Porz 2"]
[Site "?"]
[Date "2024.02.18"]
[Round "6.1"]
[White "Gallasch, Jonas"]
[Black "Nijboer, Friso"]
[Result "1/2-1/2"]
[WhiteElo "2283"]
[BlackElo "2470"]
[PlyCount "57"]
[EventDate "2024.??.??"]
[SourceVersionDate "2023.09.04"]

1. d4 Nf6 2. c4 g6 3. Nf3 Bg7 4. g3 O-O 5. Bg2 d6 6. O-O c6 7. Nc3 Bf5 8. Nh4 Be6 9. d5 cxd5 10. cxd5 Bd7 11. Be3 Na6 12. Nf3 Nc5 13. b4 Nce4 14. Nxe4 Nxe4 15. Bd4 Bxd4 16. Qxd4 Nf6 17. a4 Qb6 18. Rfc1 Rfc8 19. a5 Qxd4 20. Nxd4 a6 21. h3 Ne8 22. e4 Kf8 23. f4 Nc7 24. Rc3 Nb5 25. Nxb5 Bxb5 26. Rac1 Rxc3 27. Rxc3 Rb8 28. Bf1 Bxf1 29. Kxf1 1/2-1/2

[Event "Erkenschwick - Porz 2"]
[Site "?"]
[Date "2024.02.18"]
[Round "6.2"]
[White "Ris, Robert"]
[Black "Malykin, Vitaly"]
[Result "1-0"]
[WhiteElo "2438"]
[BlackElo "2339"]
[PlyCount "63"]
[EventDate "2024.??.??"]
[SourceVersionDate "2023.09.04"]

1. e4 g6 2. d4 Bg7 3. Nc3 d6 4. Be3 a6 5. h4 Nf6 6. h5 Nxh5 7. Rxh5 gxh5 8. Qxh5 e6 9. O-O-O h6 10. e5 d5 11. f4 c5 12. dxc5 Nd7 13. Nf3 Qc7 14. Na4 Rg8 15. Qg4 Nf8 16. Nb6 Rb8 17. Bd3 Ng6 18. Qg3 Bf8 19. Qf2 d4 20. Nxd4 Bxc5 21. Nb3 Bxe3+ 22. Qxe3 Nxf4 23. Qxf4 Qxb6 24. Nd2 Rxg2 25. Ne4 Rg1 26. Nd6+ Kd8 27. Qf6+ Kd7 28. Qxf7+ Kd8 29. Qf8+ Kd7 30. Bb5+ axb5 31. Qe8+ Kc7 32. Nxb5+ 1-0

[Event "Erkenschwick - Porz 2"]
[Site "?"]
[Date "2024.02.18"]
[Round "6.3"]
[White "Sabirov, Ramil"]
[Black "Jens, Jelmer"]
[Result "1/2-1/2"]
[WhiteElo "2095"]
[BlackElo "2375"]
[PlyCount "69"]
[EventDate "2024.??.??"]
[SourceVersionDate "2023.09.04"]

1. Nf3 f5 2. g3 Nf6 3. Bg2 g6 4. b3 Bg7 5. Bb2 d6 6. d4 O-O 7. O-O c6 8. c4 Na6 9. Nc3 Qc7 10. d5 e5 11. dxe6 Bxe6 12. Nd4 Bf7 13. e3 Nc5 14. Qc2 a5 15. Rad1 Qb6 16. Rb1 Rfe8 17. Rfd1 Rad8 18. Ba1 Ng4 19. a3 Ne5 20. Nf3 Qc7 21. Ng5 a4 22. Nxa4 Nxa4 23. Bxe5 dxe5 24. bxa4 e4 25. Nxf7 Qxf7 26. c5 h5 27. Bf1 Kh7 28. Rb6 Rd5 29. Qb3 Re7 30. Rxd5 cxd5 31. Rd6 Rc7 32. Qxd5 Qxd5 33. Rxd5 Bf8 34. Bb5 Bxc5 35. Rd7+ 1/2-1/2

[Event "Erkenschwick - Porz 2"]
[Site "?"]
[Date "2024.02.18"]
[Round "6.4"]
[White "Willemze, Thomas"]
[Black "Savchenko, Daniel"]
[Result "1-0"]
[WhiteElo "2331"]
[BlackElo "2045"]
[PlyCount "67"]
[EventDate "2024.??.??"]
[SourceVersionDate "2023.09.04"]

1. e4 c5 2. Nf3 e6 3. c3 d5 4. exd5 Qxd5 5. Na3 Nc6 6. d4 a6 7. Nc4 Qd8 8. Be3 b5 9. Nce5 Nxe5 10. Nxe5 Qc7 11. a4 b4 12. Rc1 bxc3 13. Rxc3 Nf6 14. Be2 Ne4 15. Rc1 Qa5+ 16. Kf1 Bb7 17. dxc5 Rd8 18. Qe1 Qxa4 19. Rc4 Qa2 20. c6 Bc8 21. Rxe4 Qd5 22. Bh5 g6 23. Rd4 Qb5+ 24. Qe2 Rd5 25. Rxd5 Qxd5 26. Nd7 Qxc6 27. Nf6+ Ke7 28. Bf3 Qa4 29. Ne4 Bd7 30. Bg5+ f6 31. Bxf6+ Kf7 32. Qd1 Qc4+ 33. Be2 Qxe4 34. Bxh8 1-0

[Event "Erkenschwick - Porz 2"]
[Site "?"]
[Date "2024.02.18"]
[Round "6.5"]
[White "Spindler, Florian"]
[Black "Spriestersbach, Kai"]
[Result "0-1"]
[WhiteElo "1957"]
[BlackElo "2254"]
[PlyCount "80"]
[EventDate "2024.??.??"]
[SourceVersionDate "2023.09.04"]

1. d4 Nf6 2. c4 g6 3. Nc3 Bg7 4. e4 d6 5. f4 O-O 6. Nf3 c5 7. d5 e6 8. Bd3 exd5 9. cxd5 b5 10. a3 b4 11. axb4 cxb4 12. Ne2 Re8 13. Ng3 Nxe4 14. Bxe4 f5 15. O-O fxe4 16. Ng5 Qb6+ 17. Kh1 Qd4 18. Qxd4 Bxd4 19. N3xe4 Rd8 20. Bd2 Bxb2 21. Rab1 Ba3 22. Nf6+ Kg7 23. Nfxh7 Bf5 24. Rbe1 Rd7 25. Re8 a5 26. Rfe1 Bb2 27. Rc8 Rda7 28. Rd8 Na6 29. Rxd6 a4 30. Be3 Rd7 31. Rxd7+ Bxd7 32. Bd4+ Bxd4 33. Re7+ Kg8 34. Nf7 Kxh7 35. Rxd7 a3 36. Ne5+ Kg8 37. Nxg6 Re8 38. h4 a2 39. h5 a1=Q+ 40. Kh2 Qd1 0-1

[Event "Erkenschwick - Porz 2"]
[Site "?"]
[Date "2024.02.18"]
[Round "6.6"]
[White "Erwich, Marc"]
[Black "Paulus, Jeffrey"]
[Result "0-1"]
[WhiteElo "2335"]
[BlackElo "1985"]
[PlyCount "68"]
[EventDate "2024.??.??"]
[SourceVersionDate "2023.09.04"]

1. e4 e6 2. d4 d5 3. e5 c5 4. c3 Qb6 5. Nf3 Nc6 6. a3 Nh6 7. b4 cxd4 8. cxd4 Nf5 9. Be3 f6 10. exf6 gxf6 11. Nc3 Bd7 12. Na4 Qd8 13. Bd3 Nxe3 14. fxe3 Bh6 15. Qe2 O-O 16. O-O e5 17. b5 e4 18. bxc6 exd3 19. Qxd3 Bxc6 20. Nc5 Qe8 21. Rfe1 b6 22. Nb3 Bb5 23. Qf5 Qe4 24. Qxe4 dxe4 25. Nfd2 f5 26. a4 Bd3 27. Nc1 Bc2 28. Ra3 Rac8 29. g3 Rf7 30. Kf2 Rfc7 31. Ne2 Bf8 32. Ra2 Bb4 33. Nf1 Bxe1+ 34. Kxe1 Bd3 0-1

[Event "Erkenschwick - Porz 2"]
[Site "?"]
[Date "2024.02.18"]
[Round "6.7"]
[White "Trunz, Michelle"]
[Black "Jonkman, Harmen"]
[Result "0-1"]
[WhiteElo "1878"]
[BlackElo "2329"]
[PlyCount "88"]
[EventDate "2024.??.??"]
[SourceVersionDate "2023.09.04"]

1. d4 d5 2. c4 dxc4 3. e3 Nf6 4. Bxc4 e6 5. Nf3 a6 6. a4 c5 7. O-O Nc6 8. dxc5 Qc7 9. Nc3 Bxc5 10. Qe2 Ng4 11. Ne4 Be7 12. b3 f5 13. Ng3 h5 14. Rd1 h4 15. Nf1 h3 16. g3 Nce5 17. Bb2 Nxc4 18. Rac1 b5 19. axb5 axb5 20. bxc4 b4 21. Nd4 Bc5 22. Qf3 Ra2 23. Rd2 Ne5 24. Qe2 Bb7 25. Nxe6 Qc6 26. Nxg7+ Kf7 27. e4 Rxb2 28. Rxb2 Qxe4 29. Qxe4 Bxe4 30. Nd2 Nd3 31. Nxe4 fxe4 32. Rd2 Nxc1 33. Rd7+ Kf6 34. g4 Nd3 35. Nh5+ Ke6 36. Rd5 Ra8 37. Kf1 Ra1+ 38. Ke2 Ra2+ 39. Kd1 Nxf2+ 40. Kc1 Nd3+ 41. Kb1 Rb2+ 42. Ka1 Rxh2 43. Ng3 b3 44. Rh5 Bd4+ 0-1